[Event "BEL-chT 1213"]
[Site "Belgium"]
[Date "2013.02.17"]
[Round "9.2"]
[White "Vanstreels, Luc"]
[Black "Grimberg, Boris"]
[Result "0-1"]
[WhiteElo "2034"]
[BlackElo "2365"]
[PlyCount "72"]
[EventDate "2012.09.23"]
[EventType "team-tourn"]
[EventRounds "11"]
[EventCountry "BEL"]
[SourceTitle "EXT 2014"]
[Source "ChessBase"]
[SourceDate "2013.11.20"]
[SourceVersion "1"]
[SourceVersionDate "2013.11.20"]
[SourceQuality "1"]
[WhiteTeam "Eynatten II"]
[BlackTeam "Anderlecht"]
[WhiteTeamCountry "BEL"]
[BlackTeamCountry "BEL"]

1. d4 Nf6 2. Bg5 Ne4 3. Bf4 c5 4. f3 Qa5+ 5. c3 Nf6 6. Nd2 cxd4 7. Nb3 Qd8 8. cxd4 d5 9. e3 e6 10. Bd3 Nc6 11. Bg5 Bb4+ 12. Nd2 0-0 13. f4 h6 14. Bh4 Be7 15. Bxf6 Bxf6 16. Ngf3 Qb6 17. 0-0 Qxb2 18. Qe2 Qa3 19. Rab1 b6 20. g4 Qe7 21. h4 g6 22. h5 gxh5 23. Qh2 Nb4 24. Rxb4 Qxb4 25. Qxh5 Qc3 26. Ne1 Ba6 27. Nb1 Qc8 28. g5 Bxd3 29. gxf6 Kh7 30. Nxd3 Qc2 31. Ne5 Rg8+ 32. Ng4 Rxg4+ 33. Qxg4 Rg8 34. Qxg8+ Kxg8 35. Re1 h5 36. Na3 Qd3 0-1

[Event "BEL-chT 1213"]
[Site "Belgium"]
[Date "2012.12.02"]
[Round "5.7"]
[White "Baert, Andy"]
[Black "Vanstreels, Luc"]
[Result "0-1"]
[WhiteElo "2149"]
[BlackElo "2034"]
[PlyCount "52"]
[EventDate "2012.09.23"]
[EventType "team-tourn"]
[EventRounds "11"]
[EventCountry "BEL"]
[SourceTitle "EXT 2014"]
[Source "ChessBase"]
[SourceDate "2013.11.20"]
[SourceVersion "1"]
[SourceVersionDate "2013.11.20"]
[SourceQuality "1"]
[WhiteTeam "Borgerhout"]
[BlackTeam "Eynatten II"]
[WhiteTeamCountry "BEL"]
[BlackTeamCountry "BEL"]

1. e4 c6 2. d4 d5 3. Nd2 dxe4 4. Nxe4 Bf5 5. Ng3 Bg6 6. Nh3 e6 7. Nf4 Bd6 8. h4 Bxf4 9. Bxf4 h6 10. h5 Bh7 11. Qd2 Nf6 12. 0-0-0 Nbd7 13. Bd6 Qb6 14. c4 c5 15. dxc5 Nxc5 16. Qe3 Nce4 17. c5 Rc8 18. Nxe4 Nxe4 19. Bc4 Nxc5 20. b3 Qa5 21. Kb2 Na4+ 22. Ka1 Nc3 23. Qd2 Rd8 24. Rh3 Rxd6 25. Bb5+ Qxb5 26. Qxd6 Nxd1 0-1

[Event "BEL-chT 1213"]
[Site "Belgium"]
[Date "2012.11.18"]
[Round "4.2"]
[White "Sadkowsky, Daniel"]
[Black "Vanstreels, Luc"]
[Result "0-1"]
[WhiteElo "2289"]
[BlackElo "2034"]
[PlyCount "77"]
[EventDate "2012.09.23"]
[EventType "team-tourn"]
[EventRounds "11"]
[EventCountry "BEL"]
[SourceTitle "CBM 151 Extra"]
[Source "ChessBase"]
[SourceDate "2012.12.18"]
[SourceVersion "1"]
[SourceVersionDate "2012.12.18"]
[SourceQuality "1"]
[WhiteTeam "Deurne"]
[BlackTeam "Eynatten II"]
[WhiteTeamCountry "BEL"]
[BlackTeamCountry "BEL"]

1. c4 Nf6 2. Nf3 e6 3. g3 d5 4. Bg2 c5 5. 0-0 Nc6 6. cxd5 Nxd5 7. d4 Be7 8. Nc3 cxd4 9. Nxd5 exd5 10. Nxd4 0-0 11. Be3 Be6 12. Rc1 Rc8 13. Qa4 Nxd4 14. Bxd4 a6 15. e3 Qd6 16. Qa5 Rc6 17. Qd2 Rfc8 18. Bc3 h6 19. h3 Rc4 20. Rcd1 Rd8 21. Kh2 Qd7 22. Rc1 Bd6 23. Rfd1 Rh4 24. Kg1 Rh5 25. g4 Rh4 26. f3 Bg3 27. Ba5 Re8 28. e4 Qd6 29. Bb4 Qf4 30. exd5 Qxd2 31. Rxd2 Bd7 32. Rdc2 h5 33. Rc7 Bb5 34. d6 a5 35. Bc5 b6 36. d7 Bxc7 37. dxe8Q+ Bxe8 38. Bf2 Bf4 39. Re1 0-1

[Event "BEL-chT 1112"]
[Site "Belgium"]
[Date "2012.04.01"]
[Round "11.8"]
[White "Vanstreels, Luc"]
[Black "Lacrosse, Marc"]
[Result "1/2-1/2"]
[WhiteElo "2038"]
[BlackElo "2144"]
[PlyCount "150"]
[EventDate "2011.10.09"]
[EventType "team-tourn"]
[EventRounds "11"]
[EventCountry "BEL"]
[SourceTitle "EXT 2013"]
[Source "ChessBase"]
[SourceDate "2012.11.22"]
[SourceVersion "1"]
[SourceVersionDate "2012.11.22"]
[SourceQuality "1"]
[WhiteTeam "Eynatten II"]
[BlackTeam "Gand"]
[WhiteTeamCountry "BEL"]
[BlackTeamCountry "BEL"]

1. d4 d5 2. c4 e6 3. Nc3 Nf6 4. cxd5 exd5 5. Bg5 c6 6. e3 Nbd7 7. Bd3 Be7 8. Qc2 0-0 9. Nge2 Re8 10. 0-0 Nf8 11. Rad1 Ng6 12. f3 h6 13. Bxf6 Bxf6 14. Bxg6 fxg6 15. e4 dxe4 16. fxe4 Qb6 17. e5 Bxe5 18. Na4 Bxh2+ 19. Kxh2 Qc7+ 20. Kg1 Bf5 21. Qd2 Rad8 22. Nac3 Re7 23. Qf4 Qxf4 24. Nxf4 Red7 25. d5 g5 26. Ne6 Bxe6 27. dxe6 Rxd1 28. Nxd1 Re8 29. Re1 Kf8 30. Nc3 Ke7 31. Kf2 Rf8+ 32. Kg3 Rf6 33. Kg4 g6 34. Rh1 Rf4+ 35. Kg3 h5 36. Re1 Rf6 37. Re5 Rf5 38. Re3 Rf6 39. Re4 b5 40. a3 a5 41. Re5 Rf5 42. Re3 Rf6 43. a4 bxa4 44. Nxa4 Rxe6 45. Rc3 Kd6 46. Nb6 Re4 47. Nc4+ Kd5 48. Nxa5 c5 49. Nb3 c4 50. Nd2 Rg4+ 51. Kf2 Rf4+ 52. Ke2 Rg4 53. Kf2 Rf4+ 54. Rf3 Rd4 55. Nf1 Ke5 56. Rf8 Ke6 57. Re8+ Kf6 58. Rc8 Ke6 59. Rc6+ Kf7 60. Ke3 Rg4 61. g3 h4 62. Kf3 Rd4 63. gxh4 gxh4 64. Ne3 g5 65. Rxc4 Rd2 66. Rc2 Rd3 67. Kf2 Rb3 68. Nc4 Ke6 69. Nd2 Rb5 70. Nf3 Kf6 71. Nd4 Rb4 72. Rd2 g4 73. b3 Kg5 74. Ne6+ Kf5 75. Nd4+ Ke5 1/2-1/2

[Event "BEL-chT 1112"]
[Site "Belgium"]
[Date "2012.03.04"]
[Round "9.7"]
[White "Decoster, Frederic"]
[Black "Vanstreels, Luc"]
[Result "1-0"]
[WhiteElo "2316"]
[BlackElo "2038"]
[PlyCount "57"]
[EventDate "2011.10.09"]
[EventType "team-tourn"]
[EventRounds "11"]
[EventCountry "BEL"]
[SourceTitle "EXT 2013"]
[Source "ChessBase"]
[SourceDate "2012.11.22"]
[SourceVersion "1"]
[SourceVersionDate "2012.11.22"]
[SourceQuality "1"]
[WhiteTeam "Bruges"]
[BlackTeam "Eynatten II"]
[WhiteTeamCountry "BEL"]
[BlackTeamCountry "BEL"]

1. e4 c6 2. d4 d5 3. Nc3 dxe4 4. Nxe4 Nf6 5. Nxf6+ exf6 6. Ne2 Bd6 7. g3 Bg4 8. Bg2 Qa5+ 9. Qd2 Qxd2+ 10. Bxd2 0-0 11. h3 Be6 12. Nf4 Na6 13. a3 Rad8 14. 0-0-0 Bxf4 15. Bxf4 Bd5 16. Bxd5 cxd5 17. Rhe1 Rfe8 18. Rxe8+ Rxe8 19. Kd2 Re6 20. b3 b5 21. Ra1 g5 22. Be3 Nc7 23. a4 Ra6 24. Kc3 Kf8 25. Kb4 Ke7 26. Ra3 Rb6 27. axb5 Nxb5 28. Ra5 Nxd4+ 29. Ka4 1-0

[Event "BEL-chT 1112"]
[Site "Belgium"]
[Date "2012.01.29"]
[Round "7.8"]
[White "Vanstreels, Luc"]
[Black "Van Overdam, Jan"]
[Result "0-1"]
[WhiteElo "2038"]
[BlackElo "2072"]
[PlyCount "49"]
[EventDate "2011.10.09"]
[EventType "team-tourn"]
[EventRounds "11"]
[EventCountry "BEL"]
[SourceTitle "EXT 2013"]
[Source "ChessBase"]
[SourceDate "2012.11.22"]
[SourceVersion "1"]
[SourceVersionDate "2012.11.22"]
[SourceQuality "1"]
[WhiteTeam "Eynatten II"]
[BlackTeam "Anderlecht"]
[WhiteTeamCountry "BEL"]
[BlackTeamCountry "BEL"]

1. d4 Nf6 2. Bg5 e6 3. Nf3 h6 4. Bh4 d5 5. e3 c5 6. c4 cxd4 7. Nxd4 Nc6 8. Nc3 Bb4 9. Qb3 Be7 10. Rd1 Qa5 11. Bxf6 Bxf6 12. cxd5 Nxd4 13. exd4 0-0 14. Be2 exd5 15. 0-0 Rd8 16. Rd2 Rb8 17. Rfd1 Be6 18. a3 b5 19. Qa2 b4 20. axb4 Qxb4 21. Qxa7 Bg5 22. Rc2 Bf5 23. Bd3 Bxd3 24. Rxd3 Ra8 25. Qa3 0-1

[Event "BEL-chT 1011"]
[Site "Belgium"]
[Date "2011.02.06"]
[Round "8.8"]
[White "Veltkamp, Gerben"]
[Black "Vanstreels, Luc"]
[Result "1-0"]
[WhiteElo "2191"]
[BlackElo "2158"]
[PlyCount "137"]
[EventDate "2010.09.26"]
[EventType "team-tourn"]
[EventRounds "11"]
[EventCountry "BEL"]
[SourceTitle "EXT 2012"]
[Source "ChessBase"]
[SourceDate "2011.11.24"]
[SourceVersion "1"]
[SourceVersionDate "2011.11.24"]
[SourceQuality "1"]
[WhiteTeam "Borgerhout"]
[BlackTeam "Eynatten II"]
[WhiteTeamCountry "BEL"]
[BlackTeamCountry "BEL"]

1. d4 Nf6 2. Bg5 g6 3. Bxf6 exf6 4. e4 Bg7 5. Nf3 0-0 6. Bd3 d5 7. exd5 Re8+ 8. Be2 Qxd5 9. 0-0 f5 10. c3 c5 11. Na3 cxd4 12. Nb5 Qd8 13. Nbxd4 Nc6 14. Re1 Nxd4 15. Nxd4 Bxd4 16. Qxd4 Qxd4 17. cxd4 Be6 18. Bf3 Red8 19. Rad1 Bd5 20. Re3 Rac8 21. Rc3 Bxf3 22. gxf3 Kg7 23. Kf1 g5 24. Ke2 Rxc3 25. bxc3 Rd6 26. Rg1 Rg6 27. a4 Ra6 28. Rxg5+ Kf6 29. Rg8 Rxa4 30. Rb8 b6 31. f4 Ra2+ 32. Ke3 Rc2 33. Rc8 b5 34. d5 b4 35. Rc6+ Ke7 36. cxb4 Rxc6 37. dxc6 a6 38. Kd4 Kd6 39. c7 Kxc7 40. Ke5 Kc6 41. Kxf5 Kb5 42. Kf6 Kxb4 43. Kxf7 a5 44. f5 a4 45. f6 a3 46. Ke6 a2 47. f7 a1Q 48. f8Q+ Kc4 49. Qf4+ Kb3 50. Qe3+ Kc4 51. Qe4+ Kb3 52. Qd3+ Kb4 53. Qd6+ Kc4 54. Qd5+ Kb4 55. f4 Qe1+ 56. Kd7 Qh4 57. f5 Kc3 58. Ke6 Qh3 59. Qe5+ Kc4 60. Qf4+ Kc5 61. Ke7 Kc6 62. Qd6+ Kb7 63. f6 Qe3+ 64. Qe6 Qc5+ 65. Ke8 Kb8 66. Qe7 Qh5+ 67. f7 Qg6 68. Qe5+ Kc8 69. Ke7 1-0

[Event "BEL-chT 0910"]
[Site "Belgium"]
[Date "2009.11.22"]
[Round "4"]
[White "Vanstreels, Luc"]
[Black "Van de Bourry, Daniel"]
[Result "1/2-1/2"]
[WhiteElo "2036"]
[BlackElo "2075"]
[PlyCount "27"]
[EventDate "2009.09.27"]
[EventType "team-tourn"]
[EventRounds "11"]
[EventCountry "BEL"]
[SourceTitle "EXT 2011"]
[Source "ChessBase"]
[SourceDate "2010.11.26"]
[SourceVersion "1"]
[SourceVersionDate "2010.11.26"]
[SourceQuality "1"]
[WhiteTeam "KSK47 Eynatten II"]
[BlackTeam "Aalter"]
[WhiteTeamCountry "BEL"]
[BlackTeamCountry "BEL"]

1. d4 d5 2. c4 Bf5 3. cxd5 Bxb1 4. Rxb1 Qxd5 5. a3 Nc6 6. Nf3 0-0-0 7. e3 e5 8. Qc2 exd4 9. Bc4 Qh5 10. b4 Nf6 11. 0-0 Bd6 12. h3 d3 13. Bxd3 Kb8 14. Bb2 1/2-1/2

[Event "EU-Cup 25th"]
[Site "Ohrid"]
[Date "2009.10.05"]
[Round "2.6"]
[White "Vanstreels, Luc"]
[Black "Simacek, Pavel"]
[Result "0-1"]
[WhiteElo "2036"]
[BlackElo "2499"]
[PlyCount "72"]
[EventDate "2009.10.04"]
[EventType "team-swiss"]
[EventRounds "7"]
[EventCountry "MKD"]
[SourceTitle "CBM 133"]
[Source "ChessBase"]
[SourceDate "2009.11.19"]
[SourceVersion "1"]
[SourceVersionDate "2009.11.19"]
[SourceQuality "1"]
[WhiteTeam "Eynatten"]
[BlackTeam "Novoborsky"]
[WhiteTeamCountry "BEL"]
[BlackTeamCountry "CZE"]

1. d4 Nf6 2. Bg5 e6 3. e4 Be7 4. e5 Nd5 5. Bxe7 Qxe7 6. c4 Qb4+ 7. Qd2 Qxd2+ 8. Kxd2 Ne7 9. Nc3 f6 10. exf6 gxf6 11. Bd3 b6 12. Nge2 Bb7 13. Be4 Nbc6 14. a3 0-0-0 15. b4 f5 16. Bf3 Ng6 17. g3 e5 18. Bxc6 dxc6 19. Na4 exd4 20. f4 h5 21. c5 Ba6 22. Rac1 Kb7 23. Nb2 h4 24. Nd3 Rhe8 25. Rce1 Bxd3 26. Kxd3 Re3+ 27. Kd2 Rxa3 28. Rc1 Re8 29. Ra1 Rae3 30. Nxd4 hxg3 31. hxg3 Rxg3 32. Nxf5 Rg2+ 33. Kc3 Nxf4 34. Rh7 Rf8 35. Nd6+ Kb8 36. Rxc7 Nd5+ 0-1